Nghiên cứu chiết tách axit hydrroxycitric từ vỏ quả bứa khô và tạo muối kalihydrroxycitrat

Tổng quan về cây bứa, axit hydrroxycitric. Nguyên liệu và phương pháp nghiên cứu chiết tách axit hydrroxycitric từ vỏ quả bứa khô và tạo muối kalihydrroxycitrat.Kết quả và thảo luận

Đã lưu trong:
Sonraí Bibleagrafaíochta
Príomhúdar: Huỳnh, Ngọc Bích
Údair Eile: Đào, Hùng Cường PGS.TS (Hướng dẫn)
Formáid: Leabhar
Teanga:Vietnamese
Foilsithe: Đại học Đà Nẵng Trường đại học Sư Phạm 2010
Sraith:Khóa luận tốt nghiệp đại học. Chuyên ngành: Sư phạm Hóa
Ábhair:
Clibeanna: Cuir Clib Leis
Gan Chlibeanna, Bí ar an gcéad duine leis an taifead seo a chlibeáil!
Thư viện lưu trữ: Mạng thư viện Đại học Đà Nẵng
LEADER 01571nam a2200349 4500
001 000011984
003 8266
005 20120214140252.0
008 120214s2010 viesd
041 |a vie 
072 |a Khóa luận tốt nghiệp 
082 |a 664.022  |b HU-B 
100 |a Huỳnh, Ngọc Bích 
245 |a Nghiên cứu chiết tách axit hydrroxycitric từ vỏ quả bứa khô và tạo muối kalihydrroxycitrat  |c Huỳnh, Ngọc Bích 
260 |a Đại học Đà Nẵng  |b Trường đại học Sư Phạm  |c 2010 
300 |a 58 tr.  |b hình mhọa  |c 29 cm 
490 |a Khóa luận tốt nghiệp đại học. Chuyên ngành: Sư phạm Hóa 
500 |a Tham khảo tr.58 
520 |a Tổng quan về cây bứa, axit hydrroxycitric. Nguyên liệu và phương pháp nghiên cứu chiết tách axit hydrroxycitric từ vỏ quả bứa khô và tạo muối kalihydrroxycitrat.Kết quả và thảo luận 
653 |a Khóa luận tốt nghiệp đại học 
653 |a Khoa Hóa học 
700 |a Đào, Hùng Cường  |c PGS.TS  |e Hướng dẫn 
OWN |a LSP 
AVA |a UDN50  |b LSP  |d 664.022 HU-B  |e available  |t Error 5001 Not defined in file expand_doc_bib_avail.  |f 1  |g 0  |h N  |i 0  |k 1 
999 |a From the UDN01 
AVA |a UDN50  |b LSP  |d 664.022 HU-B  |e available  |t Error 5001 Not defined in file expand_doc_bib_avail.  |f 1  |g 0  |h N  |i 0  |k 1 
TYP |a Monograph 
TYP |a Printed language 
980 |a Mạng thư viện Đại học Đà Nẵng